| 000 | 01371namaa2200337 i 4500 | ||
|---|---|---|---|
| 003 | EG-GICUC | ||
| 005 | 20260608101117.0 | ||
| 008 | 260608s2002 ua aok|jr|||| 000 0 ara d | ||
| 017 |
_a2002 / 8523 _bدار الكتب والوثائق القومية (مصر) |
||
| 040 |
_aEG-GiCUC _bara _cEG-GiCUC _dEG-GiCUC _erda |
||
| 043 | _af-ua--- | ||
| 082 | 0 | 4 |
_221 _a791.430962 _bF281q |
| 092 | 0 | 4 |
_221 _a791.430962 _bF281q |
| 099 | _a791.430962 F281q | ||
| 100 | 1 |
_aفوزى، ناجى _d1948- _eمؤلف. |
|
| 245 | 1 |
_aقراءات خاصة فى مرئيات السينما المصرية/ _cتأليف ناجى فوزى ؛ تقديم سعيد شيمى. |
|
| 264 |
_aالقاهرة (مصر) : _bالمجلس الأعلى للثقافة، _c2002. |
||
| 300 |
_a274 صفحة : _bإيضاحيات، صور، أشكال؛ _c24 سم |
||
| 336 |
_2rdacontent _atext |
||
| 337 |
_2rdamedia _aUnmediated |
||
| 338 |
_2rdacarrier _avolume |
||
| 504 | _aيشتمل على ارجاعات ببليوجرافية. | ||
| 541 |
_aوزارة الثقافة ؛ _bالقاهرة ؛ _cإهداء ؛ _d2023. |
||
| 650 | 1 | 7 |
_aالافلام السينمائية _zمصر _2qrmak |
| 650 | 1 | 7 |
_aالسينما _zمصر _2qrmak |
| 651 | 1 | _2qrmak | |
| 700 | 1 |
_aشيمى، سعيد _eمقدم. |
|
| 710 | 2 | _aالمجلس الأعلى للثقافة | |
| 905 | _aAya | ||
| 942 |
_2ddc _cBK _e21 _n0 |
||
| 999 |
_c180408 _d180408 |
||